| 000 | 00647nam a2200217 a 4500 | ||
|---|---|---|---|
| 005 | 20240924070120.0 | ||
| 008 | 991125s1977 es 000 0 spa u | ||
| 020 | _a8472228509 | ||
| 035 | _aUPN01000054214 | ||
| 049 | _aCG | ||
| 050 | 4 |
_aJC474 _bP5.78 1977 |
|
| 100 | 1 |
_aPoulantzas, Nicos, _d1936-1979 _929441 |
|
| 245 | 1 | 0 |
_aSobre el estado capitalista / _cNicos Poulantzas ; pról. Jorge Solé Tura ; tr. María T. Poyrazián. |
| 250 | _a2a ed. | ||
| 260 |
_aBarcelona, Esp. : _bLaia, _c1977. |
||
| 300 | _a146 p. | ||
| 440 | 0 |
_aPaperback ; _v1. _pPolítica |
|
| 650 | 4 |
_aESTADO COMUNISTA _916835 |
|
| 650 | 4 |
_aEstado _96019 |
|
| 905 | _aLibro | ||
| 999 |
_c54214 _d54214 |
||